[Event "Wch Seniors 65 30th"]
[Site "Assisi"]
[Date "2022.11.20"]
[Round "6"]
[White "Molchanov, Mykola"]
[Black "Raynes, Paul"]
[Result "1-0"]
[WhiteElo "2113"]
[BlackElo "2205"]
[PlyCount "57"]
[EventDate "2022.11.15"]
[EventType "swiss"]
[EventRounds "11"]
[EventCountry "ITA"]
[SourceTitle "CBM 211 Extra"]
[Source "ChessBase"]
[SourceDate "2023.01.31"]
[SourceVersion "1"]
[SourceVersionDate "2023.01.31"]
[SourceQuality "1"]

1. c4 e5 2. Nc3 Nc6 3. Nf3 f5 4. g3 Nf6 5. Bh3 d6 6. d3 Be7 7. Nh4 f4 8. Bg2 0-0 9. Nf3 Qe8 10. Nd5 Bd8 11. gxf4 Qh5 12. fxe5 dxe5 13. Bg5 Nd4 14. Bxf6 Bxf6 15. h3 Bd7 16. Nxd4 exd4 17. Bf3 Qh6 18. Nxf6+ Qxf6 19. Kd2 Bc6 20. Bxc6 Qxc6 21. f3 Rae8 22. Rh2 Qd6 23. Qg1 b5 24. Rc1 Qf4+ 25. Kd1 Rf5 26. Rg2 Rfe5 27. Rg4 Qh6 28. c5 Qxh3 29. Rxd4 1-0